000 00552nam a2200157 a 4500
008 120416s1975 ||||||||||||||||| || u
050 _aHF 5415.13 Wei
100 _aWeilbacher, William M
245 1 0 _aMarketing management cases
246 _aplanning and executing marketing strategy
250 _a2nd.ed
260 _aNew York
_bMacmillan
_c(1975)
300 _axii, 387p. : ill
350 _a0.00
995 _D0.00
_FCBU-MAIN LIBRARY (Kitwe)
_H1
_I0.00
_UDAMAGED
_ZMain Library Open Access Collection
999 _c50469
_d50469